| Tag |
First Indicator |
Second Indicator |
Subfields |
| LEADER |
00000cam a22000001a 4500 |
| 001 |
in00003383000 |
| 006 |
m d f |
| 007 |
cr bn mmmapmmp |
| 008 |
100727s2003 dcu o f000 0 eng d |
| 005 |
20260430192841.9 |
| 035 |
|
|
|a cis2007901691
|
| 040 |
|
|
|a ProQuest
|c ProQuest
|d UtOrBLW
|
| 043 |
|
|
|a n-us---
|
| 099 |
|
|
|a CRS-2003-FDT-0514
|
| 110 |
2 |
|
|a Library of Congress.
|b Congressional Research Service.
|
| 245 |
1 |
0 |
|a China and Proliferation of Weapons of Mass Destruction and Missiles :
|b Policy Issues.
|
| 264 |
|
1 |
|a [Place of publication not identified] :
|b [publisher not identified],
|c 2003.
|
| 300 |
|
|
|a 1 online resource.
|
| 336 |
|
|
|a text
|b txt
|2 rdacontent
|
| 337 |
|
|
|a computer
|b c
|2 rdamedia
|
| 338 |
|
|
|a online resource
|b cr
|2 rdacarrier
|
| 500 |
|
|
|a Record is based on bibliographic data in ProQuest U.S. Congressional Research Digital Collection (last viewed July 2010). Reuse except for individual research requires license from ProQuest, LLC.
|
| 500 |
|
|
|a CRS Report.
|
| 520 |
|
|
|a Analyzes China's role as a supplier of missiles and weapons of mass destruction. Discusses the national security problem of China's role in weapons proliferation and issues related to U.S. policy response, including foreign and defense policies, economic controls, and nonproliferation commitments and arms control.
|
| 500 |
|
|
|a Electronic resource.
|
| 650 |
|
0 |
|a Arms control.
|
| 650 |
|
0 |
|a Sanctions (International law)
|
| 650 |
|
0 |
|a Nuclear weapons.
|
| 655 |
|
7 |
|a Electronic books.
|2 local
|
| 710 |
2 |
|
|a ProQuest (Firm)
|
| 776 |
0 |
8 |
|i Microfiche version:
|a Library of Congress. Congressional Research Service.
|t China and Proliferation of Weapons of Mass Destruction and Missiles
|
| 830 |
|
0 |
|a U.S. Congressional Research.
|
| 856 |
4 |
0 |
|u http://proxy.library.tamu.edu/login?url=https://congressional.proquest.com/congcomp/getdoc?CRDC-ID=CRS-2003-FDT-0514
|z Connect to the full text of this electronic book
|t 0
|
| 999 |
|
|
|a MARS
|
| 999 |
f |
f |
|s cbfbee0e-c22d-3d80-a320-38867e267dd2
|i 9661b900-c0ff-32ec-87e2-39de736b56cf
|t 0
|
| 952 |
f |
f |
|a Texas A&M University
|b College Station
|c Electronic Resources
|s www_evans
|d Available Online
|t 0
|e CRS-2003-FDT-0514
|h Other scheme
|
| 998 |
f |
f |
|a CRS-2003-FDT-0514
|t 0
|l Available Online
|